000 00783nmm a2200277 a 4500
003 AR-BaBNM
005 20251128211337.0
008 044020s1988 ||||||||||||||000 | spa||
040 _cAR-BaBNM
245 1 0 _aAportes para una educación innovadora
260 _aSantiago de Chile
_bArzobispado de Santiago. Vicaria Episcopal para la Educación
_c1988
300 0 _a264 p.
650 4 _aEDUCACION RELIGIOSA
650 4 _aFINALIDADES DE LA EDUCACION
650 4 _aEDUCACION MORAL
650 4 _aCATOLICISMO
650 4 _aCONFERENCIAS
651 4 _aChile
700 1 _aCandia Hidalgo, Sergio
700 1 _aCastillo Inzulza, Gabriel
700 1 _aGonzález O., Mario
700 1 _aQuer A., Santiago
700 1 _aRomo Pérez, Waldo
942 _cBK
998 _craquel
999 _c19250
_d19250